00561nam a2200193 a 4500001001300000003000900013005001700022008004100039020001000080082001900090100002500109245004900134260005100183500003500234505001000269650003200279650003100311700002500342nice12345678IN_TiNIC20260116015027.0070426s2006 wasa grp 000 0 eng  ac20000a956.94054bFIS aFischbach, Michael R aPeace Process and Palestinian Refugee Claims aWashingtonbUnited States Inst. of Peacec2006 aincludes index and biblioraphy2 aIndex aArab-Israel Conflict-Claims aRefugee Property-Palestine1 aFischbach, Michael R